धृतराष्ट्र का जीवन-दर्शन : (Record no. 118278)

MARC details
000 -LEADER
fixed length control field 01273nam a22002657a 4500
005 - DATE AND TIME OF LATEST TRANSACTION
control field 20170124103109.0
010 ## - LIBRARY OF CONGRESS CONTROL NUMBER
LC control number B-009179
020 ## - INTERNATIONAL STANDARD BOOK NUMBER
Terms of availability 175.00
International Standard Book Number 8186120580
035 ## - SYSTEM CONTROL NUMBER
System control number B-009179
037 ## - SOURCE OF ACQUISITION
Source of stock number/acquisition Cen Lib/Ret
040 ## - CATALOGING SOURCE
Original cataloging agency DPL
Language of cataloging HN
082 ## - DEWEY DECIMAL CLASSIFICATION NUMBER
Classification number 230.1
Item number अथइ
100 ## - MAIN ENTRY--PERSONAL NAME
Personal name अथइया, प्रज्ञा
9 (RLIN) 79248
245 ## - TITLE STATEMENT
Title धृतराष्ट्र का जीवन-दर्शन :
Statement of responsibility, etc प्रज्ञा अथइया
Remainder of title महाभारत के संदर्भ में /
246 ## - VARYING FORM OF TITLE
Title proper/short title Dhritrashtr ka jeevan-darshan : mahabharat ke sandarbh me /
Remainder of title by Pragya Athiya
260 ## - PUBLICATION, DISTRIBUTION, ETC. (IMPRINT)
Place of publication, distribution, etc जयपुर
Name of publisher, distributor, etc हंसा प्रकाशन
Date of publication, distribution, etc 1999
270 ## - ADDRESS
City जयपुर
Address 57, नाटाणी भवन, मिश्र राजा जी का रास्ता, चांदपोल बाजार
300 ## - PHYSICAL DESCRIPTION
Extent 115पृ.
Dimensions 20सेमी(सजिल्द)
500 ## - GENERAL NOTE
General note अनुक्रमाणिका शामिल
650 ## - SUBJECT ADDED ENTRY--TOPICAL TERM
Topical term or geographic name as entry element हिन्दू धर्म
9 (RLIN) 1413
650 ## - SUBJECT ADDED ENTRY--TOPICAL TERM
Topical term or geographic name as entry element महाभारत के धृतराष्ट्र
9 (RLIN) 45801
650 ## - SUBJECT ADDED ENTRY--TOPICAL TERM
Topical term or geographic name as entry element Hindu religion
9 (RLIN) 79249
650 ## - SUBJECT ADDED ENTRY--TOPICAL TERM
Topical term or geographic name as entry element Dhritarashtra of the Mahabharata
9 (RLIN) 79250
942 ## - ADDED ENTRY ELEMENTS (KOHA)
Source of classification or shelving scheme Dewey Decimal Classification
Koha item type Hindi Books
Classification part 230.1
Call number suffix अथइ
Holdings
Withdrawn status Lost status Damaged status Not for loan Home library Current library Date acquired Source of acquisition Cost, normal purchase price Total Checkouts Full call number Barcode Date last seen Copy number Cost, replacement price Price effective from Koha item type
        Central Library Central Library 10/09/2015 Cen Lib/Ret 175.00   230.1 अथइ B-009179 10/09/2015 1 175.00 10/09/2015 Hindi Books

© Delhi Public Library
Hit Counter
free hit counter